| 000 | 00569nam a22001937a 4500 | ||
|---|---|---|---|
| 003 | OSt | ||
| 005 | 20180604184748.0 | ||
| 008 | 180604b xxu||||| |||| 00| 0 eng d | ||
| 020 | _a0127421505 | ||
| 040 | _cDDC | ||
| 082 | _a599.32 BIO 1974 | ||
| 100 |
_aEdited by: Weisbroth H. Steven;Flatta E. Ronald;Kraus L. Allan _912654 |
||
| 245 | _aThe Biology of the Laboratory Rabbit. | ||
| 260 |
_aNew York; _bAcademic Press _c1974 |
||
| 300 |
_ax,496p; _bill,col; _c27cm; |
||
| 504 | _aReferences and Index are included | ||
| 650 |
_aBiology _912655 |
||
| 942 |
_2ddc _cO_SHELF |
||
| 999 |
_c6113 _d6113 |
||